The SAGE handbook of qualitative Geography
I tiakina i:
| Ngā kaituhi matua: | , , , |
|---|---|
| Ētahi atu kaituhi: | |
| Hōputu: | Pukapuka |
| Reo: | Ingarihi |
| I whakaputaina: |
Londres
SAGE
2010
|
| Putanga: | 1a. ed |
| Ngā marau: | |
| Ngā Tūtohu: |
Tāpirihia he Tūtohu
Kāore He Tūtohu, Me noho koe te mea tuatahi ki te tūtohu i tēnei pūkete!
|
MARC
| LEADER | 00000cam a2200000 a 4500 | ||
|---|---|---|---|
| 001 | UCC0861 | ||
| 003 | CL-VaPUC | ||
| 008 | 170908e20100000uk |||||||||||||||||eng|d | ||
| 020 | |a 9781412919913 | ||
| 082 | 0 | 4 | |a 304.2072 |b DEL |2 21 |
| 100 | 0 | |a DeLyser, Dydia |e author |9 594845 | |
| 700 | 0 | |a Herbert, Steve |e author |9 594846 | |
| 700 | 0 | |a Aitken, Stuart |e author |9 594847 | |
| 700 | 0 | |a Crang, Mike |e author |9 594848 | |
| 700 | |a McDowell, Linda |e autora |9 594849 | ||
| 245 | 1 | 4 | |a The SAGE handbook of qualitative Geography |
| 250 | |a 1a. ed | ||
| 300 | |a 431 p | ||
| 942 | |c BK | ||
| 945 | |d 20170908 13:53:00 |a dcastane | ||
| 260 | |a Londres |b SAGE |c 2010 | ||
| 650 | 0 | |a Geografía humana |9 267193 | |
| 650 | 7 | |a METODOLOGIA DE LAS CIENCIAS SOCIALES |2 CL-VaPUC |9 519156 | |
| 650 | 0 | |a Métodos cualitativos |9 373008 | |
| 583 | |a last modification |c 20170908 13:53:00 |k Rodrigo Vera | ||
| 999 | |c 369537 |d 369535 | ||
| 952 | |0 0 |1 0 |3 erd |4 0 |6 304_207200000000000_DEL_2010 |7 0 |8 A |9 485411 |a BIBING |b BIBING |i 5422779 |l 1 |o 304.2072 DEL 2010 |p 5422779 |r 2025-01-20 |s 2023-11-06 |w 2019-11-24 |y BK |z Catalogado en:20170908 |k GEO | ||
| 952 | |0 0 |1 0 |3 erd |4 0 |6 304_207200000000000_DEL_2010 |7 0 |8 A |9 485412 |a BIBING |b BIBING |i 5431778 |l 1 |o 304.2072 DEL 2010 |p 5431778 |q 2020-09-28 |r 2020-07-28 |s 2020-07-28 |w 2019-11-24 |y BK |z Catalogado en:20171025 |k GEO | ||
| 952 | |0 0 |1 0 |3 erd |4 0 |6 304_207200000000000_DEL_2010 |7 0 |8 A |9 485413 |a BIBING |b BIBING |i 5435676 |o 304.2072 DEL 2010 |p 5435676 |r 2025-01-20 |w 2019-11-24 |y BK |z Catalogado en:20171117 |k GEO | ||
| 952 | |0 0 |1 0 |3 erd |4 0 |6 304_207200000000000_DEL_2010 |7 0 |8 A |9 485414 |a BIBING |b BIBING |i 5451698 |l 3 |o 304.2072 DEL 2010 |p 5451698 |r 2025-01-20 |s 2023-11-07 |w 2019-11-24 |y BK |z Catalogado en:20180119 |k GEO | ||